K-POP SURVIVALS - Statistiques

Statistiques générales
  • Ce quiz a été pris 13 fois
  • Le résultat moyen est 9 sur 22
Statistiques - réponses
Date Survival show Réponse Actual situation % Correct
2020 I-Land Jungwon ENHYPEN
92%
2017 MixNine - Girls Ryujin ITZY
75%
2015 SIXTEEN Tzuyu TWICE
75%
2018 Produce 48 Wonyoung IVE
75%
2023 R U Next? Wonhee ILLIT
67%
2023 Boys Planet Zhang Hao Zerobaseone
58%
2024 I-Land 2 Jungeun izna
50%
2021 Kingdom : Legendary War Stray Kids
42%
2017 Produce 101 : S2 Kang Daniel Soloist
33%
2021 Girls Planet 999 Chaehyun Kep1er
25%
2024 Road to Kingdom : Ace of Ace CRAVITY
25%
2017 MixNine - Boys Hyunsuk TREASURE
25%
2016 Produce 101 : S1 Jeon Somi Soloist
25%
2019 Queendom MAMAMOO
25%
2023 NCT Universe Riku NCT WISH
25%
2020 Road to Kingdom THE BOYZ
25%
2022 Queendom 2 WJSN
25%
2023 Queendom Puzzle Hwiseo H1-KEY / EL7Z UP
17%
2016 Finding Momoland Hyebin MOMOLAND
17%
2017 Idol School Jisun ? (ex-fromis_9)
17%
2019 Produce X 101 Kim Yohan WEi
17%
2019 V-1 Yeonjung WJSN
17%
Aucun quiz correspondant
Distribution des résultats
% des personnes avec chaque résultat
Percentile par nombre de réponses
Votre historique - résultats
Vous n’avez pas pris ce quiz